000 00813nam a2200241Ia 4500
003 OSt
005 20220923211041.0
006 a|||||r|||| 00| 0
007 ta
008 220922b |||||||| |||| 00| 0 pan d
020 _a8173800812 (hbk)
_c75
024 _a265,937
037 _b601, 16/02/2012, H.K. Prakashan
_cTextual
040 _aARTS
_cARTS
_bpan
041 _2pan
_apan
082 _aM16, 153N4
100 _aਅਨੂਪ ਸਿੰਘ
_9157617
245 0 _aਸੰਪਾਦਨ ਅਤੇ ਪ੍ਰਕਾFਨ ਪ੍ਰਕਿਰਿਆ
260 _aਪਟਿਆਲਾ
_b ਪੰਜਾੁਬੀ ਯੂਨੀਵਰਸਿਟੀ
_c1994
300 _a156ਪੰ
_ccm.
942 _hM16, 153N4
_cTEXL
_2CC
999 _c294510
_d294510